000 00383nam a2200157 i 4500
001 bg
100 1 _aBJORKEN, James D.
245 0 _aRelatywistyczna teoria kwantów /
_cJ.D. Bjorken, S.D. Drell.
260 _aWarszawa,
_c1985.
700 1 _aDRELL, Sidney D.
040 _cBPK
041 _apol
080 _a530.145
942 _cKS
008 s pl f |000 0 pol
999 _c23218
_d23218
856 _uhttp://koha.tu.koszalin.pl/cgi-bin/koha/opac-detail.pl?biblionumber=23218
_yKatalog online BPK